000 01016nam a22003017a 4500
003 CHAP
005 20220329135033.0
008 971013s1982 r 00010 d
010 _a29921
011 _a30893
035 _a35005
040 _cCHAP
082 _a581.1335
_bM3
100 0 0 _aMaliwal, G. L.
_970166
245 _aSalt Tolerance of crops and plant metabolism in saline substrate
_b: an annotated bibliography, 1940-80
260 _aDehradun, India :
_bInternational Bood,
_c1982
300 _a197 p
590 _aBATCH-UPD
_b10
_c20130110
_lUCH01
_h2139
590 _aBATCH-UPD
_b10
_c20130410
_lUCH01
_h1448
590 _aBATCH-UPD
_b10
_c20130914
_lUCH01
_h1742
590 _aCONVERSION
_b10
_c20130109
_lUCH01
_h1317
650 1 4 _aPlantas
_xEfecto de la sal
_xBibliografía.
_988818
650 1 4 _aPlantas
_xMetabolismo
_xBibliografía.
_988859
650 1 4 _aSalinidad
_xBibliografía.
_9101734
901 _aBK
942 _cLIBRO
949 _a581.1335 M3
_bBC
_cC
_d33724000495834
_eC
_h61257
_i35005
_si
_t4.28
999 _c29921
_d29921